000 00252nam a22001097a 4500
041 _aENG
245 _aAn Introduction To Geographical Information Systems
260 _aDelhi
_bPearson
_c2002
300 _a295
650 _aM.Tech
856 _uM.Tech -(7)
999 _c1008
_d1008